00685nam a22001697a 4500003000900000008004100009020001800050040007100068082001800139100002900157245012300186260004700309300002600356505009100382650002100473650002100494AR-CdUCM190305b ||||| |||| 00| 0 spa d a84-376-0280-7 aMUNICIPALIDAD PROVINCIAL DEL CUSCOcBIBLIOTECA MUNICIPAL DEL CUSCO a869.56 /bB85 aBryce Echenique, Alfredo aTantas veces Pedro :bLa pasión según Pedro Balbuena, que fue tantas veces Pedro, y que nunca pudo negar a nadie / aBarcelona : bEdiciones cátedra, c1981. a249 paginas ;c21 cm. aContenido :Yankee come home -- Dios es turco -- Los dos corazones humanos -- Sophie .. aNovelas peruanas aNovela cátedra